00297nam a2200121Ia 4500008004100000041000800041082001500049100001400064245004500078260002900123300001600152365000700168240624s9999 xx 000 0 und d aeng a346.07 DAT aDATEY V S aSTUDENTS GUIDE TO BUSINESS AND CORPORATE c2003aNew DelhibTaxmann aI-42, : 716 cRS